Top 10 Most Popular NCS Songs On Letter ,,K'' - Statistics

General Stats
  • This quiz has been taken 7 times
  • The average score is 7 of 10
Answer Stats
Creator
Song
Views % Correct
Spektrum, Sara Skinner Keep You 26M
100%
Rameses B Keep You 672K
100%
Killercat Kaibu 7M
83%
Ascence Konnichiwa 4,4M
83%
Syn Cole Keep Going 2,2M
67%
Zack Merci, Nieko, Blxk Trey Kadak 936K
50%
HXDES, DYNAMIS Kapoeira Phonk 399K
50%
Domastic Khalas 3,9M
50%
Dirty Palm, Nat James King Of The Hill 404K
50%
Low Mirelage Keep Me Closer 430K
33%
No matching quizzes found
Score Distribution
Percent of People with Each Score
Percentile by Number Answered
Your Score History
You have not taken this quiz